Osobnosť a jej kritéria v procese výberu zamestnancov diplomová práca

Na minha lista:
Detalhes bibliográficos
Autor principal: Kajzer, Róbert
Autor Corporativo: Fakulta podnikového manažmentu EU. Katedra manažmentu
Outros Autores: Gálik, Rudolf
Formato: Livro
Idioma:eslovaco
Publicado em: Bratislava 2017
Tags: Adicionar Tag
Sem tags, seja o primeiro a adicionar uma tag!

MARC

LEADER 00000nbm a2200000 4500
001 0232576
005 20171219101232.5
041 0 |a slo 
044 |a SK 
245 1 0 |a Osobnosť a jej kritéria v procese výberu zamestnancov  |b diplomová práca  |c Róbert Kajzer ; školiteľ: Rudolf Gálik 
264 1 |a Bratislava  |c 2017 
300 |a 79 s. 
100 1 |a Kajzer, Róbert 
700 1 |a Gálik, Rudolf 
710 2 |a Fakulta podnikového manažmentu EU. Katedra manažmentu